00683nab a2200193 uc450000100070000000500170000700800410002403500110006503500210007604000130009704100080011010000500011824500930016865000320026165000460029377301210033994200100046099900190047064031520240730092000.0001211e20000401 por  a640315 a(OCoLC)819874393 ccomduadb apor10aBarros, Jose Augusto Cabral4auteaut933126912aA (des)informacao sobre medicamento: o duplo padrao de conduta das empresas farmaceutica 7aPrescripciones2dcs9176154 7aUtilización de medicamentos2dcs9232830 tCadernos de Saúde Pública (Rio de Janeiro)gVol. 16, No. 02, Abr.Jun. 2000, p. 421-427w321065z0102311X0104727 cARIMP c168973d168973